000 00562nam a2200181 i 4500
001 80038
003 ES-MaACL
005 20230906174120.0
007 t|
008 041026s1934 fr ||||1| fre d
100 1 _aHevesy, Paul de.
_963502
245 1 3 _aLe problème mondial du blé
_b: projet de solution /
_cPaul de Hevesy ; préface de Henry Berenguer.
260 _aParis :
_bFélix Alcan,
_c1934 (
_fPresses Universitaires)
300 _a293 p. ;
_c26 cm.
650 0 4 _aTrigo.
_9136958
700 1 _aBerenguer, Henry.
_927883
852 _aES-MaACL
_jA-2932
999 _c80038
_d80038